[Event "44th Bosna it"]
[Site "Sarajevo BIH"]
[Date "2014.06.04"]
[Round "7.5"]
[White "Kovacevic, Aleksandar"]
[Black "Sebenik, Matej"]
[Result "1/2-1/2"]
[WhiteElo "2560"]
[BlackElo "2497"]
[EventDate "2014.05.30"]
[PlyCount "97"]

1.e4 c5 2.Nf3 Nc6 3.d4 cxd4 4.Nxd4 e5 5.Nb5 d6 6.N1c3 a6 7.Na3 Be7 8.Nc4 
b5 9.Ne3 Nf6 10.Bd3 Nb4 11.Be2 O-O 12.a4 bxa4 13.Rxa4 a5 14.O-O Be6 15.Bc4
Qc7 16.b3 Rfd8 17.Qe2 Bxc4 18.Nxc4 d5 19.exd5 Nfxd5 20.Nxd5 Rxd5 21.Be3 
Rb8 22.Rd1 Rxd1+ 23.Qxd1 Nc6 24.h3 Bb4 25.Qa1 h6 26.c3 Bf8 27.Qa2 Rb5 28.
Nd2 Qb7 29.Qc2 Qd7 30.Nc4 Qb7 31.Nd2 Qd7 32.Ra1 f5 33.Nc4 e4 34.Rd1 Rd5 
35.Rxd5 Qxd5 36.Nb6 Qe6 37.Qd1 g5 38.Qd5 Qxd5 39.Nxd5 Kf7 40.Bb6 Ke6 41.
Ne3 Bg7 42.Nd1 f4 43.Kf1 h5 44.Ke2 Be5 45.Kd2 Bf6 46.Nb2 Bd8 47.Bxd8 Nxd8 
48.Nc4 Nc6 49.Ke2 1/2-1/2

[Event "44th Bosna it"]
[Site "Sarajevo BIH"]
[Date "2014.06.04"]
[Round "7.6"]
[White "Solomunovic, Igor"]
[Black "Stevic, Hrvoje"]
[Result "0-1"]
[WhiteElo "2448"]
[BlackElo "2613"]
[EventDate "2014.05.30"]
[PlyCount "103"]

1.d4 Nf6 2.Nf3 g6 3.Bg5 Bg7 4.c3 O-O 5.Nbd2 d6 6.e3 h6 7.Bh4 Qe8 8.Be2 e5 
9.O-O Nc6 10.a4 e4 11.Ne1 g5 12.Bg3 Ne7 13.f3 Nf5 14.Nc2 Nxg3 15.hxg3 exf3
16.gxf3 d5 17.Bd3 Nh5 18.Kg2 f5 19.f4 g4 20.b4 a5 21.b5 Be6 22.Rc1 Nf6 23.
Na3 Qe7 24.Qb3 Rfc8 25.Rfe1 Bf8 26.Nc2 b6 27.c4 c6 28.c5 Rab8 29.cxb6 Rxb6
30.Qa2 cxb5 31.axb5 Rc3 32.Bf1 Rb8 33.Nb3 Qc7 34.Qb2 Ne4 35.Nc5 Bc8 36.Na3
Rxc1 37.Rxc1 Qf7 38.Nxe4 fxe4 39.Be2 Qe7 40.Rc5 Qe6 41.Qc3 Bb7 42.Qxa5 
Bxc5 43.dxc5 d4 44.Qc7 Ra8 45.Qxb7 Rxa3 46.Qb8+ Kh7 47.Qb7+ Kg6 48.Qc6 
Qxc6 49.bxc6 d3 50.Bxg4 h5 51.c7 Ra8 52.Be6 0-1

[Event "44th Bosna it"]
[Site "Sarajevo BIH"]
[Date "2014.06.04"]
[Round "7.7"]
[White "Ulibin, Mikhail"]
[Black "Djukic, Nikola"]
[Result "1-0"]
[WhiteElo "2498"]
[BlackElo "2534"]
[EventDate "2014.05.30"]
[PlyCount "103"]

1.d4 Nf6 2.c4 g6 3.Nc3 Bg7 4.e4 d6 5.Nf3 O-O 6.Be2 e5 7.O-O Nc6 8.d5 Ne7 
9.Nd2 a5 10.a3 Bd7 11.b3 c6 12.Ra2 c5 13.Rb2 Ne8 14.b4 axb4 15.axb4 b6 16.
Qb3 Bh6 17.bxc5 bxc5 18.Qb6 Qc8 19.Nf3 Bxc1 20.Rxc1 Ra6 21.Qb7 Nf6 22.Ne1 
Qxb7 23.Rxb7 Rfa8 24.Nc2 Kf8 25.g3 Bc8 26.Rb2 Nd7 27.Rcb1 Ke8 28.Kf1 f5 
29.Ke1 Nf6 30.f3 Kd8 31.Kd2 Bd7 32.Bd3 Bc8 33.Rf1 Bd7 34.f4 exf4 35.Rxf4 
Kc7 36.exf5 Bxf5 37.Ne3 Rf8 38.Nxf5 gxf5 39.Rb1 Ng4 40.Bxf5 Nxf5 41.Rxg4 
Nd4 42.Rg7+ Kc8 43.Rbb7 Rf2+ 44.Ke3 Rf3+ 45.Ke4 Ra1 46.Rb1 Rxb1 47.Nxb1 h5
48.Rh7 Rf5 49.Nc3 Re5+ 50.Kd3 Nf3 51.Nb5 Nxh2 52.Na7+ 1-0

[Event "44th Bosna it"]
[Site "Sarajevo BIH"]
[Date "2014.06.04"]
[Round "7.8"]
[White "Kohlweyer, Bernd"]
[Black "Kurajica, Bojan"]
[Result "1/2-1/2"]
[WhiteElo "2422"]
[BlackElo "2499"]
[EventDate "2014.05.30"]
[PlyCount "60"]

1.d4 Nf6 2.c4 e6 3.g3 Bb4+ 4.Bd2 a5 5.Bg2 d5 6.Nf3 O-O 7.O-O Be7 8.Bf4 b6 
9.Nc3 dxc4 10.Ne5 Nd5 11.Nxd5 exd5 12.Nxc4 Be6 13.Ne5 f6 14.Nd3 Na6 15.Bd2
Bf7 16.h4 c5 17.dxc5 bxc5 18.Nf4 Nc7 19.e3 Bd6 20.Rc1 a4 21.Bc3 Bxf4 22.
gxf4 Bg6 23.Qg4 Qe7 24.f5 Bf7 25.Rfd1 Rfd8 26.Qf4 Nb5 27.Be1 Ra7 28.Bf1 
Nc7 29.Bg2 Nb5 30.Bf1 Nc7 1/2-1/2

[Event "44th Bosna it"]
[Site "Sarajevo BIH"]
[Date "2014.06.04"]
[Round "7.9"]
[White "Stojanovic, Dalibor"]
[Black "Kadric, Denis"]
[Result "1-0"]
[WhiteElo "2493"]
[BlackElo "2479"]
[EventDate "2014.05.30"]
[PlyCount "137"]

1.e4 c5 2.Nf3 d6 3.d4 cxd4 4.Nxd4 Nf6 5.Nc3 a6 6.Be3 Nc6 7.h3 e5 8.Nb3 Be6
9.Qf3 Nb4 10.O-O-O Qc7 11.Kb1 d5 12.exd5 e4 13.Qe2 Nbxd5 14.Nxd5 Nxd5 15.
Bg5 Qe5 16.Be3 Nxe3 17.Qxe3 g5 18.c3 Bg7 19.Nd4 O-O 20.Nxe6 fxe6 21.Be2 
Qf5 22.Bg4 Qxf2 23.Qxe4 b5 24.Rhf1 Qxf1 25.Rxf1 Rxf1+ 26.Kc2 Rf2+ 27.Kb3 
Raf8 28.Qxe6+ Kh8 29.Qxa6 b4 30.Bf3 bxc3 31.bxc3 Rb8+ 32.Kc4 Rc2 33.Kd3 
Rxc3+ 34.Kd2 Rd8+ 35.Ke2 Rc2+ 36.Ke3 Re8+ 37.Kd3 Rc3+ 38.Kd2 Rb8 39.a4 Ra3
40.Bb7 Rd8+ 41.Ke2 Re8+ 42.Kd2 Rf8 43.Bf3 Rd8+ 44.Ke2 Ra2+ 45.Ke3 Re8+ 46.
Kd3 Ra3+ 47.Kd2 Rb8 48.Bb7 Rb3 49.Bf3 Rc3 50.Ke2 Be5 51.Qe6 Bg7 52.Qa6 Rc5
53.Qa7 Rb2+ 54.Kd1 Rc8 55.a5 Bc3 56.Qd7 Rd2+ 57.Qxd2 Bxd2 58.Kxd2 Rc5 59.
a6 Ra5 60.Bb7 Kg7 61.Kc3 Kf6 62.Kb4 Ra1 63.Kc5 Ke5 64.Kb6 Kd6 65.Be4 Ra2 
66.a7 Rb2+ 67.Ka6 Ra2+ 68.Kb7 Ke5 69.Bf3 1-0

[Event "44th Bosna it"]
[Site "Sarajevo BIH"]
[Date "2014.06.04"]
[Round "7.10"]
[White "Dizdarevic, Emir"]
[Black "Marjanovic, Dejan"]
[Result "1-0"]
[WhiteElo "2509"]
[BlackElo "2330"]
[EventDate "2014.05.30"]
[PlyCount "95"]

1.Nf3 d5 2.e3 Nf6 3.c4 e6 4.b3 c5 5.cxd5 exd5 6.Be2 Nc6 7.O-O Be7 8.Bb2 
O-O 9.d4 Ne4 10.dxc5 Bxc5 11.Nc3 Nxc3 12.Bxc3 Bg4 13.Rc1 Bb6 14.h3 Bh5 15.
Qd2 Qd6 16.Rfd1 Rfd8 17.b4 a6 18.Qb2 d4 19.exd4 Bxf3 20.Bxf3 Bxd4 21.Qb3 
Rac8 22.Be1 Qe5 23.Rc4 Ba7 24.Bxc6 Rxd1 25.Qxd1 bxc6 26.Rxc6 Re8 27.Rc1 h6
28.Qc2 Qe2 29.Qxe2 Rxe2 30.a4 Bd4 31.Kf1 Re6 32.Rc4 Bf6 33.Bd2 Kf8 34.Be3 
Ke8 35.Ke2 Kd7 36.Kd3 Bd8 37.Re4 Rg6 38.Rg4 Bg5 39.Rd4+ Kc6 40.f4 Be7 41.
Re4 Bd6 42.g4 f5 43.Rc4+ Kd7 44.g5 hxg5 45.fxg5 Ke6 46.Rc6 Kd5 47.Rxa6 f4 
48.Bxf4 1-0

[Event "44th Bosna it"]
[Site "Sarajevo BIH"]
[Date "2014.06.04"]
[Round "7.11"]
[White "Markoja, Boris"]
[Black "Dastan, Muhammed Batuhan"]
[Result "0-1"]
[WhiteElo "2164"]
[BlackElo "2439"]
[EventDate "2014.05.30"]
[PlyCount "106"]

1.c4 f5 2.g3 Nf6 3.Bg2 g6 4.Nc3 Bg7 5.d3 d6 6.e4 c6 7.Nge2 O-O 8.O-O Na6 
9.Rb1 Nc7 10.b4 fxe4 11.dxe4 Be6 12.Qd3 Ng4 13.f4 b5 14.cxb5 Nxb5 15.Bf3 
Qb6+ 16.Kg2 Nxc3 17.Nxc3 Qd4 18.Qxd4 Bxd4 19.Ne2 Ne3+ 20.Bxe3 Bxe3 21.a4 
a5 22.e5 axb4 23.exd6 exd6 24.Bxc6 Rab8 25.Rfd1 Rfc8 26.Bd5 Bxd5+ 27.Rxd5 
Rc2 28.Rd3 Bc5 29.Kf3 Ra2 30.Nd4 Rxa4 31.Nb3 Ra2 32.h4 Re8 33.Rc1 Ra3 34.
Rc4 Re1 35.Kg4 Kf7 36.f5 h5+ 37.Kg5 Re5 38.Rf4 Kg7 39.Rff3 Ra7 40.g4 Rf7 
41.Nd4 hxg4 42.Kxg4 Re4+ 43.Rf4 Rxf4+ 44.Kxf4 Bxd4 45.Rxd4 Rxf5+ 46.Ke3 
Rb5 47.Kd2 b3 48.Kc1 b2+ 49.Kb1 d5 50.Rg4 Kf6 51.Rg5 Rb4 52.Rxd5 Rxh4 53.
Kxb2 Rc4 0-1

[Event "44th Bosna it"]
[Site "Sarajevo BIH"]
[Date "2014.06.04"]
[Round "7.12"]
[White "Kalezic, Blazo"]
[Black "Sutkovic, Damir"]
[Result "1/2-1/2"]
[WhiteElo "2423"]
[BlackElo "2326"]
[EventDate "2014.05.30"]
[PlyCount "122"]

1.e4 c5 2.Nf3 e6 3.c3 Nf6 4.e5 Nd5 5.d4 cxd4 6.cxd4 b6 7.Nc3 Nxc3 8.bxc3 
Qc7 9.Bd2 Bb7 10.Ng5 h6 11.Qh5 g6 12.Qh3 Bg7 13.Nf3 Nc6 14.Bd3 Na5 15.O-O 
Nc4 16.Bc1 Bd5 17.Nd2 Nxd2 18.Bxd2 Bc4 19.Rfe1 Bxd3 20.Qxd3 Rc8 21.c4 O-O 
22.Rac1 Rfe8 23.Qg3 Qb7 24.h4 h5 25.Qb3 Rc6 26.Bb4 Rec8 27.Bd6 Qa6 28.c5 
Bf8 29.d5 exd5 30.Qxd5 bxc5 31.Bxf8 Kxf8 32.Qxd7 c4 33.Re3 c3 34.e6 Rxe6 
35.Rf3 Re7 36.Qd4 Kg8 37.Rcxc3 Rce8 38.Ra3 Qb7 39.Rab3 Qc7 40.Qf4 Re1+ 41.
Kh2 Qxf4+ 42.Rxf4 R1e4 43.Rxe4 Rxe4 44.Ra3 Re7 45.Ra6 Kg7 46.f3 f6 47.Kg3 
g5 48.hxg5 fxg5 49.a4 Rc7 50.a5 Rd7 51.Rc6 Rb7 52.a6 Rd7 53.Rc8 Kg6 54.Ra8
Kf5 55.Kf2 Rd2+ 56.Kg3 Rd7 57.Rf8+ Kg6 58.Rg8+ Kf5 59.Rf8+ Kg6 60.Ra8 Kf5 
61.Rf8+ Kg6 1/2-1/2

[Event "44th Bosna it"]
[Site "Sarajevo BIH"]
[Date "2014.06.04"]
[Round "7.14"]
[White "Ali Marandi, Cemil Can"]
[Black "Bojovic, Dusan"]
[Result "1-0"]
[WhiteElo "2383"]
[BlackElo "2285"]
[EventDate "2014.05.30"]
[PlyCount "49"]

1.e4 c5 2.Nf3 e6 3.d4 cxd4 4.Nxd4 a6 5.Nc3 Bb4 6.Bd3 Qc7 7.O-O Nf6 8.Bg5 
Bc5 9.Nb3 Be7 10.Qe2 d6 11.Rae1 h6 12.Bh4 Nc6 13.f4 b5 14.Kh1 Bb7 15.e5 
dxe5 16.fxe5 Nd7 17.Bg3 Nb4 18.Be4 Bxe4 19.Nxe4 Qxc2 20.Qg4 g6 21.Nd6+ 
Bxd6 22.exd6 Nd3 23.Rxf7 Qc4 24.Rxe6+ Kd8 25.Re8+ 1-0

[Event "44th Bosna it"]
[Site "Sarajevo BIH"]
[Date "2014.06.04"]
[Round "7.15"]
[White "Bistric, Faruk"]
[Black "Burovic, Ismet"]
[Result "1-0"]
[WhiteElo "2363"]
[BlackElo "2374"]
[EventDate "2014.05.30"]
[PlyCount "99"]

1.Nf3 Nf6 2.d4 g6 3.Qd3 d5 4.e3 Bg7 5.Be2 O-O 6.O-O c5 7.dxc5 Qa5 8.Qc3 
Qc7 9.Qa3 Nbd7 10.b4 b6 11.cxb6 Nxb6 12.Bb2 Nc4 13.Bxc4 Qxc4 14.Nbd2 Qxc2 
15.Rac1 Qf5 16.Rc7 g5 17.Rxe7 g4 18.Nd4 Qg5 19.Rxa7 Rxa7 20.Qxa7 h5 21.Rc1
h4 22.Qb8 Bd7 23.Qf4 Qxf4 24.exf4 Ra8 25.a3 Nh5 26.Rc7 Ba4 27.g3 Re8 28.
Rc1 Bf6 29.Ba1 Ra8 30.Ne2 Re8 31.Nc3 Rc8 32.Bb2 Bxc3 33.Bxc3 d4 34.Bb2 Rd8
35.Rc5 Ng7 36.f3 hxg3 37.hxg3 f5 38.Kf2 Bd1 39.b5 Bxf3 40.Nxf3 gxf3 41.
Kxf3 Ne6 42.Rc1 d3 43.Ke3 Nc5 44.Rd1 Rb8 45.Bd4 Re8+ 46.Be5 Ra8 47.Kd4 Rc8
48.b6 Kf7 49.Kd5 Nb7 50.Bc7 1-0

[Event "44th Bosna it"]
[Site "Sarajevo BIH"]
[Date "2014.06.04"]
[Round "7.16"]
[White "Mestrovic, Zvonimir"]
[Black "Rasidovic, Sead"]
[Result "1/2-1/2"]
[WhiteElo "2301"]
[BlackElo "2338"]
[EventDate "2014.05.30"]
[PlyCount "61"]

1.e4 e6 2.d4 d5 3.Nc3 Nf6 4.Bd3 c5 5.dxc5 Bxc5 6.e5 Nfd7 7.Qg4 Bf8 8.Nf3 
Nc6 9.Bf4 a6 10.O-O h6 11.h4 Nc5 12.Rad1 Qb6 13.Bc1 Bd7 14.a3 Nxd3 15.Rxd3
Ne7 16.Be3 Qc7 17.b4 Nf5 18.Nd4 g6 19.h5 Nxd4 20.Bxd4 Rg8 21.Re1 Qc4 22.
Qg3 Rg7 23.Ne2 Qc8 24.hxg6 Rxg6 25.Qf4 Qd8 26.Qh2 Bb5 27.Rg3 Bxe2 28.Rxe2 
Rxg3 29.Qxg3 Rc8 30.c3 Qg5 31.Qe3 1/2-1/2

[Event "44th Bosna it"]
[Site "Sarajevo BIH"]
[Date "2014.06.04"]
[Round "7.17"]
[White "Draganic, Veljko"]
[Black "Kiroski, Toni"]
[Result "1-0"]
[WhiteElo "2253"]
[BlackElo "2327"]
[EventDate "2014.05.30"]
[PlyCount "91"]

1.e4 c5 2.Nf3 Nc6 3.d4 cxd4 4.Nxd4 g6 5.Nc3 Bg7 6.Be3 Nf6 7.Bc4 O-O 8.Bb3 
a5 9.O-O a4 10.Nxa4 Nxe4 11.Nb5 d6 12.c4 Be6 13.Qe2 Nf6 14.Rad1 Na5 15.Bb6
Qc8 16.Nc7 Nxb3 17.axb3 Rb8 18.Rfe1 Ng4 19.Nxe6 Qxe6 20.Qxe6 fxe6 21.Rxe6 
Kf7 22.Re2 Ne5 23.Nc3 Rbe8 24.Bd4 g5 25.h3 h6 26.Nd5 Rg8 27.Ne3 Kg6 28.
Bxe5 Bxe5 29.Ng4 Bf6 30.Re6 Kf7 31.Rxf6+ exf6 32.Nxh6+ Ke7 33.Nxg8+ Rxg8 
34.Rd5 Ra8 35.Rb5 Ra7 36.g4 Kd7 37.Kg2 Kc6 38.Rf5 Ra2 39.Rxf6 Rxb2 40.Rf3 
Kc5 41.Rf5+ Kc6 42.Rb5 Rb1 43.f3 Rb2+ 44.Kg3 Rb1 45.h4 Rg1+ 46.Kf2 1-0

[Event "44th Bosna it"]
[Site "Sarajevo BIH"]
[Date "2014.06.04"]
[Round "7.18"]
[White "Trkulja, Goran"]
[Black "Kamberovic, Senad"]
[Result "1/2-1/2"]
[WhiteElo "2363"]
[BlackElo "2259"]
[EventDate "2014.05.30"]
[PlyCount "81"]

1.d4 d5 2.Nf3 Nf6 3.c4 c6 4.e3 g6 5.Nc3 Bg7 6.cxd5 cxd5 7.Qa4+ Nbd7 8.Be2 
O-O 9.O-O a6 10.Qb3 e6 11.a4 b6 12.Bd2 Bb7 13.a5 b5 14.Na2 Re8 15.Bb4 Ne4 
16.Nc3 Rc8 17.Rac1 Bf8 18.Nxe4 dxe4 19.Nd2 Rxc1 20.Rxc1 Qb8 21.Bxf8 Rxf8 
22.Qb4 Rc8 23.Rc3 Rxc3 24.bxc3 Qf8 25.Qxf8+ Kxf8 26.c4 bxc4 27.Nxc4 Ke7 
28.Kf1 Bd5 29.Ke1 Bxc4 30.Bxc4 Nb8 31.d5 Kd6 32.dxe6 fxe6 33.Kd2 Nc6 34.
Kc3 Nxa5 35.Bxa6 Ke5 36.Kb4 Nc6+ 37.Kc5 Ne7 38.Be2 Nd5 39.Kc4 Nb6+ 40.Kb5 
Nd5 41.Kc4 1/2-1/2

[Event "44th Bosna it"]
[Site "Sarajevo BIH"]
[Date "2014.06.04"]
[Round "7.19"]
[White "Mrsevic, Miroslav"]
[Black "Nestorovic, Lazar"]
[Result "1-0"]
[WhiteElo "2273"]
[BlackElo "2337"]
[EventDate "2014.05.30"]
[PlyCount "119"]

1.e4 g6 2.d4 Bg7 3.Nc3 d6 4.g3 e5 5.dxe5 Bxe5 6.Nge2 Bg4 7.Qd3 Bxe2 8.Bxe2
Nd7 9.Be3 Ngf6 10.O-O-O O-O 11.f3 c6 12.Bd4 Nc5 13.Qe3 Qa5 14.Kb1 Ne6 15.
Bxe5 dxe5 16.Rd6 Rfd8 17.Rhd1 Rxd6 18.Rxd6 Qb6 19.Qxb6 axb6 20.Bc4 Rd8 21.
Rxd8+ Nxd8 22.a4 Ne8 23.b4 Nd6 24.Ba2 Kg7 25.Kc1 f5 26.Kd2 Kf6 27.Ke3 Ne8 
28.Nd1 Nd6 29.Nc3 Ne8 30.Nd1 Ng7 31.Nb2 Nge6 32.Nd3 Nf7 33.Bxe6 Kxe6 34.a5
bxa5 35.Nc5+ Ke7 36.bxa5 Nd6 37.Kd3 Kd8 38.f4 exf4 39.gxf4 fxe4+ 40.Nxe4 
Nf5 41.Ng5 h6 42.Ne6+ Kc8 43.Ke4 Ne7 44.Ke5 Kd7 45.Nc5+ Kc7 46.Kf6 Nd5+ 
47.Kxg6 Nxf4+ 48.Kxh6 b6 49.Kg5 Ng2 50.Ne6+ Kb7 51.axb6 Ne1 52.Kg4 Nxc2 
53.h4 Ne3+ 54.Kg5 Nc4 55.h5 Ne5 56.Nd8+ Kxb6 57.h6 Nf3+ 58.Kf6 Nd2 59.h7 
Ne4+ 60.Kg6 1-0

[Event "44th Bosna it"]
[Site "Sarajevo BIH"]
[Date "2014.06.04"]
[Round "7.20"]
[White "Karger, Frank"]
[Black "Louis, Thibault"]
[Result "1/2-1/2"]
[WhiteElo "2293"]
[BlackElo "2242"]
[EventDate "2014.05.30"]
[PlyCount "182"]

1.b3 e5 2.Bb2 Nc6 3.e3 Nf6 4.Bb5 d6 5.Ne2 a6 6.Bxc6+ bxc6 7.O-O Be7 8.d3 
O-O 9.Nd2 Ng4 10.h3 Nh6 11.d4 exd4 12.Nxd4 Bd7 13.c4 c5 14.Ne2 Bc6 15.Nb1 
Re8 16.Nbc3 Bf6 17.Qd2 Be5 18.Nf4 Nf5 19.Nfd5 Qg5 20.Rae1 Qg6 21.e4 Bxd5 
22.Nxd5 Nh4 23.f3 Bg3 24.Re2 Rac8 25.Qd3 c6 26.Ne3 Rcd8 27.Kh1 Bf4 28.Rd1 
Bxe3 29.Qxe3 Nf5 30.exf5 Rxe3 31.Rxe3 Qxf5 32.Rxd6 Qg5 33.f4 Qh4 34.Bf6 
Qxf6 35.Rxf6 gxf6 36.Re2 Kg7 37.Re7 Rd2 38.a4 Rd3 39.Rb7 Kg6 40.Kh2 Kf5 
41.Rxf7 Rxb3 42.Rxh7 Kxf4 43.Rc7 f5 44.Rxc6 Rb4 45.Rxa6 Rxc4 46.Rc6 Rc2 
47.a5 Ke5 48.a6 Kd5 49.Rf6 Ke5 50.Rf8 Ra2 51.Ra8 Kf4 52.a7 c4 53.Rc8 Rxa7 
54.Rxc4+ Kg5 55.Rc5 Ra2 56.Rc3 Ra4 57.Kg3 Rb4 58.Ra3 Rc4 59.Rf3 Ra4 60.h4+
Kg6 61.Kh3 Rg4 62.Ra3 Rb4 63.Rg3+ Kf6 64.Rg8 Rb3+ 65.Rg3 Rb4 66.Rc3 Rg4 
67.Rg3 Rb4 68.h5 Kf7 69.Rg6 Ra4 70.Kg3 Rb4 71.Rg5 Kf6 72.Rg8 Kf7 73.Rg6 
Ra4 74.Kh3 Rb4 75.Rg3 Ra4 76.Kh2 Rb4 77.Rf3 Kf6 78.Rh3 Kf7 79.h6 Kg8 80.
h7+ Kh8 81.Rh5 Rb7 82.Kg3 Rb4 83.Rh4 Rb2 84.Kf3 Ra2 85.g3 Ra1 86.Kf4 Rf1+ 
87.Ke5 Rf3 88.Kf6 Rxg3 89.Kxf5 Rg7 90.Kf6 Rxh7 91.Rxh7+ Kxh7 1/2-1/2

[Event "44th Bosna it"]
[Site "Sarajevo BIH"]
[Date "2014.06.05"]
[Round "8.1"]
[White "Rakhmanov, Aleksandr"]
[Black "Bok, Benjamin"]
[Result "1/2-1/2"]
[WhiteElo "2610"]
[BlackElo "2605"]
[EventDate "2014.05.30"]
[PlyCount "24"]

1.Nf3 g6 2.e4 d6 3.d4 Nf6 4.Bd3 Bg7 5.c3 O-O 6.O-O Re8 7.Bg5 e5 8.Nbd2 Nc6
9.Bh4 h6 10.dxe5 Nxe5 11.Nxe5 dxe5 12.Nc4 c6 1/2-1/2

[Event "44th Bosna it"]
[Site "Sarajevo BIH"]
[Date "2014.06.05"]
[Round "8.2"]
[White "Stevic, Hrvoje"]
[Black "Yilmaz, Mustafa"]
[Result "1-0"]
[WhiteElo "2613"]
[BlackElo "2564"]
[EventDate "2014.05.30"]
[PlyCount "87"]

1.e4 c5 2.Nf3 d6 3.d4 cxd4 4.Nxd4 Nf6 5.Nc3 a6 6.h3 e6 7.g4 Nfd7 8.Bg2 Nc6
9.Be3 Be7 10.h4 Nde5 11.g5 Nc4 12.Bc1 O-O 13.Nxc6 bxc6 14.b3 Nb6 15.Bb2 a5
16.Ne2 Ba6 17.Ng3 d5 18.Qd4 Bb4+ 19.Kd1 dxe4 20.Kc1 Qxd4 21.Bxd4 c5 22.Be5
Ba3+ 23.Bb2 Bxb2+ 24.Kxb2 c4 25.Nxe4 Bb7 26.Nf6+ gxf6 27.Bxb7 Rab8 28.Ba6 
Kg7 29.Rad1 a4 30.b4 Rfd8 31.Rxd8 Rxd8 32.Kc3 fxg5 33.hxg5 Rd5 34.Bxc4 
Rxg5 35.b5 Rf5 36.Bd3 Rxf2 37.Rxh7+ Kf6 38.Kb4 Ke7 39.Ka5 Nd7 40.b6 Nc5 
41.Rh5 Nxd3 42.b7 Nb4 43.Kxb4 Rxc2 44.Rb5 1-0

[Event "44th Bosna it"]
[Site "Sarajevo BIH"]
[Date "2014.06.05"]
[Round "8.3"]
[White "Palac, Mladen"]
[Black "Gleizerov, Evgeny"]
[Result "1-0"]
[WhiteElo "2569"]
[BlackElo "2541"]
[EventDate "2014.05.30"]
[PlyCount "81"]

1.e4 e6 2.d4 d5 3.Nc3 Nf6 4.e5 Nfd7 5.f4 c5 6.Nf3 Qb6 7.Be3 a6 8.a3 Qa7 9.
Ne2 Nc6 10.c3 b5 11.g3 Nb6 12.Qc2 Bd7 13.Bf2 c4 14.g4 Be7 15.Ng3 O-O-O 16.
Bg2 Na4 17.O-O g6 18.f5 gxf5 19.gxf5 exf5 20.Nxf5 Rdg8 21.Bh4 Be6 22.Nxe7+
Nxe7 23.Ng5 Ng6 24.Bg3 Nf8 25.Nxe6 fxe6 26.Rf6 h5 27.Raf1 Qg7 28.Rf7 Qg5 
29.Bf4 Qd8 30.Kh1 Nb6 31.Qf2 Nbd7 32.h4 Qe8 33.Bg5 Nh7 34.Be7 Rg6 35.Bh3 
Qg8 36.Kh2 Qe8 37.a4 bxa4 38.Qc2 Rh6 39.Bg5 Nhf8 40.Bxh6 Rxh6 41.Qxa4 1-0

[Event "44th Bosna it"]
[Site "Sarajevo BIH"]
[Date "2014.06.05"]
[Round "8.4"]
[White "Kozul, Zdenko"]
[Black "Bosiocic, Marin"]
[Result "1-0"]
[WhiteElo "2595"]
[BlackElo "2542"]
[EventDate "2014.05.30"]
[PlyCount "95"]

1.d4 d5 2.c4 c6 3.Nc3 Nf6 4.e3 e6 5.a3 Nbd7 6.Bd3 a6 7.Nf3 dxc4 8.Bxc4 c5 
9.Ba2 cxd4 10.exd4 Bd6 11.O-O b5 12.d5 e5 13.Bg5 Qb6 14.Nh4 g6 15.Qf3 Bc5 
16.d6 Bb7 17.Nd5 Nxd5 18.Bxd5 Bxd5 19.Qxd5 O-O 20.Be7 Rfc8 21.Nf3 Qc6 22.
Qb3 h6 23.Rad1 Bb6 24.Nh4 Qc2 25.Qh3 Ra7 26.Rde1 Qxb2 27.Nf3 Rc2 28.Qxh6 
Rxf2 29.Kh1 e4 30.Ng5 Qg7 31.Qxg7+ Kxg7 32.Nxe4 Rxf1+ 33.Rxf1 Bd4 34.g4 f6
35.g5 f5 36.Rd1 Be5 37.Bf6+ Kf7 38.Bxe5 Nxe5 39.Nc5 Nd7 40.Nd3 a5 41.Re1 
b4 42.axb4 axb4 43.Nxb4 Nc5 44.Nc6 Nd3 45.Re3 Ra1+ 46.Kg2 Nf4+ 47.Kf3 Ne6 
48.d7 1-0

[Event "44th Bosna it"]
[Site "Sarajevo BIH"]
[Date "2014.06.05"]
[Round "8.5"]
[White "Stojanovic, Dalibor"]
[Black "Kovacevic, Aleksandar"]
[Result "1/2-1/2"]
[WhiteElo "2493"]
[BlackElo "2560"]
[EventDate "2014.05.30"]
[PlyCount "23"]

1.e4 c5 2.Nf3 d6 3.Bb5+ Bd7 4.Bxd7+ Qxd7 5.O-O Nf6 6.Qe2 Nc6 7.c3 e6 8.d4 
cxd4 9.cxd4 d5 10.e5 Ne4 11.Nbd2 Nxd2 12.Bxd2 1/2-1/2

[Event "44th Bosna it"]
[Site "Sarajevo BIH"]
[Date "2014.06.05"]
[Round "8.6"]
[White "Sebenik, Matej"]
[Black "Ulibin, Mikhail"]
[Result "1-0"]
[WhiteElo "2497"]
[BlackElo "2498"]
[EventDate "2014.05.30"]
[PlyCount "129"]

1.d4 e6 2.c4 f5 3.g3 Nf6 4.Bg2 d5 5.Nf3 Be7 6.O-O O-O 7.b3 b6 8.Qc2 Ne4 9.
Bb2 Bb7 10.Ne5 c5 11.cxd5 exd5 12.Nc3 Bf6 13.Rad1 Qe7 14.e3 Na6 15.Qb1 Nc7
16.Qa1 Bxe5 17.dxe5 Nxc3 18.Bxc3 Rad8 19.Rd2 Rd7 20.Rfd1 Rfd8 21.Qb1 g6 
22.b4 Nb5 23.Ba1 cxb4 24.Qb3 Nc7 25.g4 fxg4 26.Rd4 Ne6 27.Rxg4 a5 28.h4 
Qf7 29.Bd4 Nxd4 30.Rdxd4 Rc7 31.Rdf4 Qe6 32.h5 Rc1+ 33.Kh2 Rf8 34.hxg6 
hxg6 35.Qd3 Kg7 36.Rxg6+ Qxg6 37.Qxg6+ Kxg6 38.Rxf8 Bc6 39.e6 a4 40.e7 Rc5
41.Rb8 Kf7 42.Rxb6 Bb5 43.Rb7 b3 44.axb3 axb3 45.Bh3 d4 46.Be6+ Kxe6 47.
Rxb5 Rc8 48.exd4 Kxe7 49.Rxb3 Kd6 50.Rf3 Kd5 51.Rf4 Rg8 52.f3 Rg7 53.Kh3 
Rg1 54.Rg4 Rf1 55.Kg3 Kc4 56.Re4 Kd5 57.Kf4 Ra1 58.Re8 Rf1 59.Kg4 Kxd4 60.
f4 Kd5 61.Kg5 Kd6 62.f5 Kd7 63.Re2 Rg1+ 64.Kf6 Rg8 65.Kf7 1-0

[Event "44th Bosna it"]
[Site "Sarajevo BIH"]
[Date "2014.06.05"]
[Round "8.7"]
[White "Kohlweyer, Bernd"]
[Black "Jovanovic, Zoran"]
[Result "0-1"]
[WhiteElo "2422"]
[BlackElo "2546"]
[EventDate "2014.05.30"]
[PlyCount "118"]

1.d4 d6 2.c4 e5 3.d5 Nf6 4.Nc3 Nbd7 5.e4 Nc5 6.f3 a5 7.Be3 c6 8.Qd2 a4 9.
Nge2 Qa5 10.Nc1 Nfd7 11.Rb1 Be7 12.b4 axb3 13.axb3 Na6 14.N3a2 Qxd2+ 15.
Kxd2 c5 16.Kc2 O-O 17.Bd2 g6 18.Bh6 Re8 19.Bd3 Bd8 20.Bd2 h5 21.Ne2 Kg7 
22.Ra1 Rf8 23.Nec3 Be7 24.Nb5 f5 25.exf5 gxf5 26.Rhe1 Nf6 27.Kb2 Bd7 28.
Nac3 Nb4 29.Bb1 Rxa1 30.Kxa1 Kf7 31.Kb2 Rg8 32.Re2 h4 33.Nc7 Rc8 34.Ne6 
Bxe6 35.dxe6+ Kxe6 36.Be1 h3 37.g4 fxg4 38.f4 Nc6 39.fxe5 dxe5 40.Ne4 Nxe4
41.Bxe4 Bg5 42.Bg3 Kf6 43.Rf2+ Bf4 44.Bxf4 exf4 45.Rxf4+ Kg5 46.Rf5+ Kh4 
47.Rf7 Re8 48.Bd3 Ne5 49.Rh7+ Kg5 50.Be2 Nf3 51.Bxf3 gxf3 52.Rf7 Kg4 53.
Kc3 Re3+ 54.Kc2 Re2+ 55.Kd3 Rxh2 56.Rg7+ Kf4 57.Rf7+ Kg3 58.Rg7+ Kf2 59.
Rxb7 Rh1 0-1

[Event "44th Bosna it"]
[Site "Sarajevo BIH"]
[Date "2014.06.05"]
[Round "8.8"]
[White "Dastan, Muhammed Batuhan"]
[Black "Dizdarevic, Emir"]
[Result "1/2-1/2"]
[WhiteElo "2439"]
[BlackElo "2509"]
[EventDate "2014.05.30"]
[PlyCount "96"]

1.e4 e6 2.d4 d5 3.Nc3 Bb4 4.e5 Ne7 5.a3 Bxc3+ 6.bxc3 b6 7.Qg4 Kf8 8.Nh3 
Ba6 9.Bxa6 Nxa6 10.O-O Nb8 11.a4 Nbc6 12.Ba3 h5 13.Qf3 Kg8 14.Bc1 Nf5 15.
Bg5 f6 16.exf6 gxf6 17.Rae1 fxg5 18.Rxe6 Ng7 19.Rxc6 g4 20.Qg3 gxh3 21.
Rxc7 Qf6 22.Re1 h4 23.Qe5 Qxe5 24.Rxe5 Re8 25.Rxe8+ Nxe8 26.Rxa7 Rh6 27.
gxh3 Rc6 28.a5 bxa5 29.Rxa5 Nf6 30.Rc5 Rxc5 31.dxc5 Kf7 32.f3 Ke6 33.Kf2 
Nd7 34.c6 Nb6 35.f4 Kd6 36.Kf3 Kxc6 37.Kg4 Kc5 38.Kxh4 Kc4 39.Kg5 Kxc3 40.
h4 Kxc2 41.h5 d4 42.h6 d3 43.h7 d2 44.h8=Q d1=Q 45.Qh7+ Kc3 46.Qg7+ Kc4 
47.Qc7+ Kb5 48.f5 Qd2+ 1/2-1/2

[Event "44th Bosna it"]
[Site "Sarajevo BIH"]
[Date "2014.06.05"]
[Round "8.9"]
[White "Kurajica, Bojan"]
[Black "Solomunovic, Igor"]
[Result "1-0"]
[WhiteElo "2499"]
[BlackElo "2448"]
[EventDate "2014.05.30"]
[PlyCount "65"]

1.Nf3 Nf6 2.d4 e6 3.g3 b6 4.Bg2 Bb7 5.O-O Be7 6.c4 O-O 7.b3 d5 8.cxd5 exd5
9.Nc3 Nbd7 10.Bf4 a6 11.Rc1 Bd6 12.Bxd6 cxd6 13.Ng5 b5 14.Qd3 h6 15.Nh3 
Qa5 16.a4 b4 17.Nd1 Qd8 18.Ne3 a5 19.Nf4 Nb6 20.Qf5 Re8 21.Rc2 Bc8 22.Qd3 
Ba6 23.Qd2 Rc8 24.Rxc8 Qxc8 25.Rc1 Qd8 26.Qc2 g5 27.Nfxd5 Nfxd5 28.Bxd5 
Rxe3 29.Qg6+ Kh8 30.Qxh6+ Kg8 31.Qg6+ Kh8 32.Bxf7 Qf8 33.fxe3 1-0

[Event "44th Bosna it"]
[Site "Sarajevo BIH"]
[Date "2014.06.05"]
[Round "8.10"]
[White "Djukic, Nikola"]
[Black "Kalezic, Blazo"]
[Result "1-0"]
[WhiteElo "2534"]
[BlackElo "2423"]
[EventDate "2014.05.30"]
[PlyCount "81"]

1.e4 e6 2.d4 d5 3.Nc3 Nf6 4.e5 Nfd7 5.f4 c5 6.Nf3 Nc6 7.Be3 Be7 8.dxc5 
Bxc5 9.Qd2 O-O 10.O-O-O a6 11.Bxc5 Nxc5 12.Qe3 Qe7 13.Bd3 Nxd3+ 14.Qxd3 
Qb4 15.Ne2 f5 16.exf6 Rxf6 17.g3 Qc5 18.Ned4 Bd7 19.Rhe1 Nxd4 20.Nxd4 Rc8 
21.Re3 b5 22.a3 h6 23.Qd2 Qb6 24.Rc3 Rff8 25.Nb3 Rxc3 26.Qxc3 Rc8 27.Qd4 
Qc7 28.Qd2 Be8 29.Nd4 Bg6 30.Re1 Be4 31.Re3 Qf7 32.Rc3 Re8 33.Nc6 Qh5 34.
Ne5 Rd8 35.Qd4 Qxh2 36.b4 Kh7 37.Kb2 Rg8 38.Qb6 Qd2 39.Qxe6 d4 40.Rc7 d3 
41.Ng4 1-0